Что сделано в России по вопросу об охране артезианских вод

Detalhes bibliográficos
Autor principal: Стопневич А. Д.
Resumo:Текст в русской дореформенной орфографии
Idioma:russo
Publicado em: Грозный, Электро- типогр. Я. Н. Орлова, 1913
Assuntos:
Formato: Livro
KOHA link:https://koha.lib.tpu.ru/cgi-bin/koha/opac-detail.pl?biblionumber=62230

MARC

LEADER 00000nam0a2200000 4500
001 62230
005 20231031063318.0
035 |a (RuTPU)RU\TPU\book\65963 
090 |a 62230 
100 |a 20040406d1913 m y0rusy50 ca 
101 0 |a rus 
102 |a RU 
105 |a y z 000zy 
200 1 |a Что сделано в России по вопросу об охране артезианских вод  |f А. Д. Стопневич 
210 |a Грозный  |c Электро- типогр. Я. Н. Орлова  |d 1913 
215 |a 48 с. 
300 |a Текст в русской дореформенной орфографии 
610 1 |a артезианские воды 
610 1 |a охрана 
610 1 |a Россия 
675 |a 556.364  |v 3 
686 |a Ч611.68  |v LBC/SL-A  |2 rubbk 
700 1 |a Стопневич  |b А. Д. 
801 1 |a RU  |b 63413507  |c 20040406  |g PSBO 
801 2 |a RU  |b 63413507  |c 20181121  |g PSBO 
942 |c BK